000 00749nam a22002297a 4500
999 _c14534
_d14534
003 MIRAKIL
005 20211007144525.0
008 211007b tu ||||| |||| 00| 0 tur d
020 _a9753380062
040 _aTR-AnCHP
_cTR-AnCHP
041 _aTur
082 _a956.1024092
_bÖ91a 1993
100 _aÖzçelik, Ayfer
245 1 0 _aAli Fuat Cebesoy :
_b(1882-10 Ocak 1968)/
_cAyfer Özçelik.
260 _a[İstanbul] :
_bAkçağ Yayınları,
_c1993.
300 _a416 s.:
_bfotg.;
_c20 sm.
490 0 _aAkçağ Yayınları;
_aİnceleme ve araştırma;
_v98.
_v25.
504 _aKaynakça vardır.
600 1 4 _94978
_aCebesoy, Ali Fuad
_d1882-1968
_xYaşamöyküsü
650 0 _96187
_aKurtuluş savaşı
_xTarih
_zTürkiye
942 _2ddc
_cBKS